A történet vége - avagy paradigmaváltás az ezredforduló tömegfilmjében
Elmentve itt :
| Szerző: | |
|---|---|
| Dokumentumtípus: | Cikk |
| Megjelent: |
2004
|
| Sorozat: | Iskolakultúra
14 No. 8 |
| Online Access: | http://misc.bibl.u-szeged.hu/39507 |
| LEADER | 00602nab a2200169 i 4500 | ||
|---|---|---|---|
| 001 | misc39507 | ||
| 005 | 20191106140745.0 | ||
| 008 | 180709s2004 hu o 0|| zxx d | ||
| 022 | |a 1215-5233 | ||
| 040 | |a SZTE Miscellanea Repozitórium |b hun | ||
| 041 | |a zxx | ||
| 100 | 2 | |a H. Papp Zsolt | |
| 245 | 1 | 2 | |a A történet vége - avagy paradigmaváltás az ezredforduló tömegfilmjében |h [elektronikus dokumentum] / |c H. Papp Zsolt |
| 260 | |c 2004 | ||
| 300 | |a 116-121 | ||
| 490 | 0 | |a Iskolakultúra |v 14 No. 8 | |
| 856 | 4 | 0 | |u http://misc.bibl.u-szeged.hu/39507/1/EPA00011_iskolakultura_2004_08_116-121.pdf |z Dokumentum-elérés |